[Event "Medellin Flores op 30th"]
[Site "Medellin"]
[Date "2023.08.05"]
[Round "5"]
[White "Paz Ledezma, Mauricio"]
[Black "Torres Burgos, Diego Alejandro"]
[Result "0-1"]
[WhiteElo "1040"]
[BlackElo "1469"]
[PlyCount "28"]
[EventDate "2023.08.03"]
[EventType "swiss"]
[EventRounds "9"]
[EventCountry "COL"]
[SourceTitle "EXT 2024"]
[Source "ChessBase"]
[SourceDate "2023.10.10"]
[SourceVersion "1"]
[SourceVersionDate "2023.10.10"]
[SourceQuality "1"]

1. e4 e5 2. Nf3 Nc6 3. d4 exd4 4. Bc4 Qe7 5. 0-0 d6 6. Nxd4 Bd7 7. Nf5 Qf6 8. Re1 0-0-0 9. Ng3 h5 10. Nxh5 Qh4 11. Be2 g6 12. Ng3 Qxh2+ 13. Kf1 Qh1+ 14. Nxh1 Rxh1# 0-1